000 00622nam a22001817a 4500
999 _c166802
_d166802
010 _aENG-126148
020 _a978-93-80349-30-5
_c100.00
035 _aEN-109680
037 _bDBAD/PUB
082 _a158
100 _aShenoy,Preeti
245 _aLife Is What You Make It:
_bA Story Of Love Hope And How Determination Can Overcome Even Destiny/
_cPreeti Shenoy
260 _aNew Delhi
_bShrishti Publishers&Distributors
_c2011
270 _aN-16,C.R.Park
_bNew Delhi
_e110019
_msrishtripublishers@gmail.com
_l+91(001)23289285
300 _a209p.
_b20cm(pbk)
500 _ait includes epilogue
942 _2ddc
_cEN
_hSHE